| 000 | 00777nam a2200217 a 4500 | ||
|---|---|---|---|
| 005 | 20210223132613.0 | ||
| 008 | 150428s2011 ag r 000 0 spa d | ||
| 020 | _a9789507868863 | ||
| 035 | _aUPN01000203092 | ||
| 049 | _aCG | ||
| 050 | 4 |
_aBF698.8 C4 _bT6.2 |
|
| 100 | 1 |
_aTorres de Lugea, Susana _937157 |
|
| 245 | 1 | 0 |
_aActualización del test de apercepción temática : _buna lectura psicoanalítica : aportes clínicos y de investigación en las patologías actuales / _cSusana Torres de Lugea, Susana Laura Russo. |
| 260 |
_aBuenos Aires : _bBiblos, _c2011. |
||
| 300 |
_a238 p. : _btablas, gráfs., il. |
||
| 650 | 4 |
_aAPERCEPCION - _xPRUEBAS _97218 |
|
| 650 | 4 | _aPRUEBAS PSICOLOGICAS | |
| 700 | 1 |
_aRusso, Susana Laura, _ecoaut. |
|
| 905 | _aLibro | ||
| 999 |
_c175193 _d175193 |
||